Piłkarze Reprezentacji Senegalu - nagła śmierć - Statystyki

Ogólne statystyki
  • Ten quiz został rozwiązany 35 razy
  • Średni wynik to 6 z 12
Answers on the Grid
Answers color-coded by a green-red scale on the quiz's grid according to % correct below.
Victor Wanyama
Famara Diédhiou
Mamadou Sakho
Demba Ba
Kalidou Koulibaly
Benjamin Mendy
Sadio Mané
Ismaïla Sarr
Amadou Haidara
Idrissa Gueye
Édouard Mendy
Christian Kouamé
Yoane Wissa
Papiss Cissé
Seko Fofana
Serey Dié
Boulaye Dia
Nicolas Jackson
Pape Matar Sarr
Olivier Kemen
Habib Diallo
 
Statystyki odpowiedzi
Odpowiedź % Poprawnych
Sadio Mané
75%
Kalidou Koulibaly
61%
Pape Matar Sarr
57%
Ismaïla Sarr
54%
Édouard Mendy
50%
Idrissa Gueye
50%
Boulaye Dia
46%
Demba Ba
46%
Nicolas Jackson
46%
Papiss Cissé
43%
Habib Diallo
21%
Famara Diédhiou
14%
Nie znaleziono quizów pasujących do podanych kryteriów
Rozkład punktacji
Procent ludzi z każdym wynikiem
Percentyl według liczby udzielonych odpowiedzi
Twoja historia wyników
Nie rozwiązałeś tego quizu